000 00884cam a2200133 4500500
005 20260405064205.0
041 _afre
042 _adc
100 1 0 _aBuffard-Moret, Brigitte
_eauthor
245 0 0 _aPrécis de versification : Avec exercices corrigés
260 _bArmand Colin,
_c2023.
520 _aCet ouvrage présente un panorama descriptif des règles de versification, illustré de nombreux exemples commentés dans une perspective littéraire. Il propose aussi un historique de la poésie française, rendant compte de l'évolution des pratiques métriques, de l'époque médiévale jusqu'à nos jours. Tout un chapitre est consacré à la chanson populaire française. Des exercices de versification ponctuent l'ouvrage, accompagnés de leur corrigé.
856 4 1 _uhttps://shs.cairn.info/precis-de-versification--9782200635329?lang=fr&redirect-ssocas=7080
999 _c2186100
_d2186100